| 000 | 01231nam a22002291 4500 | ||
|---|---|---|---|
| 005 | 20110401125037.0 | ||
| 010 | _aB-425080-081 | ||
| 020 |
_a8173052220 _c1800.00 |
||
| 035 | _a B-425080-81 | ||
| 037 | _bResearchco Book Centre | ||
| 082 | _a954.16 | ||
| 100 | 1 |
_aStephen, Carr _932213 |
|
| 245 | 1 | 4 |
_aThe archaelogy and monumental remains of Delhi / _cby Carr Stephen with an introduction by B.M. Pande |
| 260 |
_aNew Delhi _bAryan Books International _c2002 |
||
| 270 |
_aPooja Apartments, 4B, Ansari Road, Daryaganj _bNew Delhi _e110002 |
||
| 300 |
_axv, 189 p. _bill. _c29cm(Hb) |
||
| 650 | 0 |
_aArchitecture _zIndia _zDelhi. _932214 |
|
| 942 |
_2ddc _cEN _mSTE _h954.16 |
||
| 999 |
_c51367 _d51367 |
||